000 00902nam a2200325Ia 4500
001 37464
003 IT-RoPAU
008 130308s9999 xx 000 0 und d
040 _aIT-RoPAU
040 _cIT-RoPAU
041 _aINGLESE
100 _aMulgan Geoffrey J.
100 _gCodice Aut. SPICS: 17270
245 _aSelling the Paper? Socialism and Cultural Diversity
245 _bBending Reality-The State Of The Media
250 _a1a ed.
260 _aLONDON
260 _bPluto Press
260 _c1986 [1° Ed.:1986 - Ed.Ling.Originale:1986]
300 _a"13 p. (prefazione: no ; testo: 13 [pagine: 136-148])"
500 _aSocialismo e Diversità Culturale
650 _aTEORICHE DEI MASS MEDIA
650 _eCodice materia Spics: 6105
700 _aWorpole Ken
700 _gCodice Aut. SPICS: 16633
942 _cBK
957 _71
999 _c48388
_d48388
999 _bSI
999 _g1